All Revenge of the Sith Deaths- Star Wars - Statistics

General Stats
  • This quiz has been taken 83 times
  • The average score is 12 of 29
Answer Stats
Hint Answer % Correct
Decapitated by Anakin Skywalker Count Dooku
95%
Electrocuted by Darth Sidious Mace Windu
89%
Burst into flames after duel with Obi-Wan Kenobi General Grievous
87%
Shot by Clones on Mygeeto Ki-Adi Mundi
81%
Stabbed by Darth Sidious Kit Fisto
81%
Shot by Clones on Felucia Aayla Secura
79%
Dies from sadness on Polis Massa Padme Amidala
78%
Shot down by Clones on Cato Neimoidia Plo Koon
76%
Decapitated by Yoda on Kashyyyk Gree
65%
Stabbed by Darth Sidious Agen Kolar
52%
Stabbed by Darth Sidious Saesee Tiin
48%
Slain by Darth Vader on Mustafar Nute Gunray
43%
Torn apart by Buzz Droids R4-P17
43%
Shot down by Clones on Saluecami Stass Allie
41%
Slain by Darth Vader on Mustafar Wat Tambor
29%
Slain by Darth Vader on Mustafar Poggle the Lesser
27%
Slain by Darth Vader at the Jedi Temple Cin Drallig
22%
Shot by Clones at the Jedi Temple Zett Jukassa
22%
Decapitated by Yoda on Kashyyyk Jek
19%
Slain by Darth Vader on Mustafar Rune Haako
17%
Slain by Darth Vader on Mustafar Shu Mai
17%
Slain by Darth Vader on Mustafar Passel Argente
10%
Slain by Darth Vader at the Jedi Temple Bene
8%
Slain by Darth Vader at the Jedi Temple Whin Malreaux
8%
Slain by Darth Vader on Mustafar Po Nudo
6%
Slain by Darth Vader on Mustafar Cat Miin
5%
Slain by Darth Vader on Mustafar Denaria Kee
5%
Slain by Darth Vader on Mustafar Nank Tun
5%
Slain by Darth Vader on Mustafar Tikkes
5%
No matching quizzes found
Score Distribution
Percent of People with Each Score
Percentile by Number Answered
Your Score History
You have not taken this quiz